| 000 | 00832cab a2200193 4500 | ||
|---|---|---|---|
| 001 | ##L132176 | ||
| 008 | 060117n2006 000 0 eng u | ||
| 035 | _a(Sirsi) u132176 | ||
| 041 | 0 | _aeng | |
| 100 | 1 | _aRoberts, Gwyn | |
| 245 | 0 | 0 | _aResidential and regeneration |
| 260 | _c2006 | ||
| 490 |
_aProperty Week _v71(2) 13 January 2006, 53-61(6) |
||
| 520 | _aReports on a new Institute for Public Policy Research publication "City people: city centre living in the UK" which argues that city centres will never attract families; and research from Savills which suggests that rising land costs are increasing house prices. Includes values for greenfield land near large centres. | ||
| 590 | _aIKA170106 | ||
| 690 | _aPROPERTY-RESIDENTIAL PROPERTY-RESIDENTIAL PROPERTY DEVELOPMENT | ||
| 700 | 1 | _aBarnes, Yolande | |
| 942 | _n0 | ||
| 999 |
_c76349 _d76349 |
||